20 Largest Countries with Longitude Change within 15º, with a Map - Statistics

General Stats
  • This quiz has been taken 547 times
  • The average score is 15 of 20
Answers on the Map
Answers color-coded by a green-red scale on the quiz's map according to % correct below.
 
Answer Stats
Area COUNTRY % Correct
1141k Colombia
85%
1284k Chad
84%
1285k Peru
84%
923k Nigeria
83%
916k Venezuela
83%
1098k Bolivia
80%
1104k Ethiopia
80%
825k Namibia
80%
1246k Angola
79%
1002k Egypt
79%
945k Tanzania
78%
801k Mozambique
76%
637k Somalia
74%
676k Myanmar
73%
1030k Mauritania
72%
619k South Sudan
71%
752k Zambia
69%
622k Central African Republic
68%
587k Madagascar
67%
652k Afghanistan
66%
No matching quizzes found
Score Distribution
Percent of People with Each Score
Percentile by Number Answered
Your Score History
You have not taken this quiz